Sistemas de lagunas de estabilización: cómo utilizar aguas residuales tratadas en sistemas de regadío

Bewaard in:
Bibliografische gegevens
Hoofdauteur: Rolim Mendonca, Sérgio (Auteur)
Formaat: Boek
Taal:Spaans
Gepubliceerd in: Bogotá McGraw-Hill Interamericana 2000
Onderwerpen:
Tags: Voeg label toe
Geen labels, Wees de eerste die dit record labelt!

MARC

LEADER 00000nam a2200000 a 4500
001 UCL2497
003 CL-VaPUC
008 031024e20000000CK |||||||||||||||||spa|d
020 |a 9584100900 
082 0 4 |a 628.3  |b ROL  |2 21 
100 0 |a Rolim Mendonca, Sérgio  |e author  |9 479605 
245 1 0 |a Sistemas de lagunas de estabilización: cómo utilizar aguas residuales tratadas en sistemas de regadío 
300 |a 370 p 
942 |c BK 
945 |d 20031024 00:00:00  |a cmena 
260 |a Bogotá  |b McGraw-Hill Interamericana  |c 2000 
650 0 |a Tratamiento de aguas  |9 262792 
650 0 |a Aguas servidas  |9 261486 
650 0 |a Tecnología sanitaria  |9 262722 
650 0 |a Contaminación del agua  |9 261423 
650 7 |a LAGUNAS DE ESTABILIZACION  |2 CL-VaPUC  |9 476085 
583 |a last modification  |c 20031024 00:00:00  |k Rodrigo Vera 
999 |c 305801  |d 305799 
952 |0 0  |1 0  |4 0  |6 628_300000000000000_ROL_2000  |7 0  |8 A  |9 370234  |a BIBING  |b BIBING  |d 2019-11-21  |i 3956601  |o 628.3 ROL 2000  |p 3956601  |r 2025-01-20  |w 2019-11-21  |y BK  |k CCL